Statistiques concernant 2023 Calendrier de l'Avent 22 : Trois anges sont venus ce soir

Cliquez ici pour prendre le quiz!

Statistiques générales

  • Ce quiz a été pris 7 fois
  • Le résultat moyen est 12 sur 24

Statistiques - réponses

TexteIndiceRéponse% Correct
Trois *** sont venus ce soirAanges
100%
M'apporter de bien *** chosesBbelles
100%
Car le *** Dieu au fond du ciel bleuBBon
100%
L'autre avait un *** de rosesBbouquet
100%
Et le *** avait en mainsTtroisième
100%
T'apporter ce que tu ***Ddésires
80%
Noël, Noël, nous *** du cielVvenons
80%
Mes *** anges à l'instant mêmeBbeaux
60%
Dans le ciel bleu demandez à ***DDieu
60%
De perles d'or et de ***Jjasmin
60%
Veux-tu le bel encensoir d'***Oor
60%
Le *** pour celui que j'aime.Bbonheur
40%
Noël, Noël, retournez au ***Cciel
40%
Veux-tu la robe où bien ***Eencore
40%
Veux-tu voir *** dans ses langesJJésus
40%
Comme en a *** MarieMMadame
40%
Une *** toute fleurieRrobe
40%
Ou du blé des *** grangesCcélestes
20%
Veux-tu des fruits du ***PParadis
20%
Un collier où l'*** fleuronneAargent
0%
Ou comme les *** jadisBbergers
0%
Est *** lorsque tu soupiresCchagrin
0%
Ou la rose *** en couronneEéclose
0%
L'un d'eux avait un ***Eencensoir
0%

Distribution des résultats

Percentile par nombre de réponses

% des personnes avec chaque résultat

Votre développement - résultats

Vous n’avez pas pris ce quiz